| 000 | 00826cab a2200265 4500 | ||
|---|---|---|---|
| 001 | WB2907-43 | ||
| 008 | 090401t1993 xxu||||| |||| 00| 0 eng d | ||
| 035 | _a(Sirsi) u54642 | ||
| 041 | _aeng | ||
| 100 | _aBennett, Elizabeth | ||
| 245 | _aSolving privity of contract problems | ||
| 260 | _c1993 | ||
| 350 | _a0 | ||
| 490 |
_aCSW - The Property Week _v40(7) 18 February 1993, 57(1) |
||
| 520 | _aConsiders existing remedies on privity of contract problems whilst awaiting the Lord Chancellors proposals for reforming the law. | ||
| 650 | _aASSIGNMENT | ||
| 650 | _aDUNCAN V CLUTTONS | ||
| 650 | _aLANDLORD AND TENANT ACT 1954 | ||
| 650 | _aLEASES | ||
| 650 | _aLIABILITY OF ASSIGNEE | ||
| 650 | _aPRIVITY OF CONTRACT | ||
| 690 | _aLANDLORD AND TENANT-LEASEHOLD REFORM | ||
| 942 | _n0 | ||
| 948 | _c04/03/1997 | ||
| 999 |
_c33503 _d33503 |
||